HACCP v praxi pravidlá hygieny v stravovacích službách podľa požiadaviek EÚ

Bibliographic Details
Main Author: Kerekréty, Jozef, 1957- (Author)
Other Authors: Kojšová, Mariana (Illustrator)
Format: Book
Language:Slovak
PhysicalDescription:169 s. ilustrácie, tabuľky 30 cm
Published: Bratislava Raabe 2004
ISBN:8089182011
Edition:1. vyd.
Subjects:

MARC

LEADER 00000cam a2200000 a 4500
001 vtls001481000
003 SK-MaSNL
005 20260302073632.0
008 171201s2004 xo oal frf 00100dslo
015 |a SNBA2004/12-06625 
020 |a 8089182011  |q (brožované) 
035 |a SNK000436298 
040 |a SNK  |b slo  |c SNK  |e AACR2 
041 0 |a slo 
044 |a xo  |c SK 
072 7 |a 613  |x Hygiena. Ľudské zdravie  |2 konspekt 
080 |a 613/614  |2 2001 
080 |a 640.4/.5  |2 2011 
080 |a 338.46  |2 2011 
080 |a (035)  |2 2011 
100 1 |a Kerekréty, Jozef,  |d 1957-  |4 aut  |9 320363 
245 1 0 |a HACCP v praxi  |b pravidlá hygieny v stravovacích službách podľa požiadaviek EÚ  |c Jozef Kerekréty ; [ilustrácie: Mariana Kojšová] 
250 |a 1. vyd. 
260 |a Bratislava  |b Raabe  |c 2004 
300 |a 169 s.  |b ilustrácie, tabuľky  |c 30 cm 
500 |a Obsahuje register 
500 |a Biografické údaje o autorovi 
650 0 7 |a hygiena  |2 SNKPH  |9 16835 
650 0 7 |a stravovacie zariadenia  |2 SNKPH  |9 73125 
650 0 7 |a služby  |2 SNKPH  |9 2356 
650 0 7 |a Hygiene  |2 SNKPHeng  |9 336866 
650 0 7 |a Catering facilities  |2 SNKPHeng  |9 367895 
650 0 7 |a Services industries  |2 SNKPHeng  |9 266547 
655 7 |a príručky  |2 SNKPH  |9 74364 
655 7 |a Handbooks, manuals, etc.  |2 SNKPHeng  |9 90964 
700 1 |a Kojšová, Mariana  |4 ill  |9 691114 
852 |a Slovenská národná knižnica 
919 |a 80-89182-01-1 
954 |a odborná, vedecká literatúra pôvodná (slovenská)  |2 lita 
958 |a OND 
999 |c 1161739  |d 1163669 
952 |a SNK  |b SNK  |y PREZ  |7 0  |p 17A0442002  |o snkSB 69139  |i snkKSP 11530/2004  |0 0  |1 0  |4 0  |d 2004-09-02  |l 0  |r 2025-04-23 00:00:00  |w 2026-02-24 
952 |a SNK  |b SNK  |y VYP  |7 0  |p 17A0442003  |o snkSB 69139 D1  |i snkKSP 11531/2004  |0 0  |1 0  |4 0  |d 2004-09-02  |l 0  |r 2005-01-02 00:00:00  |w 2026-02-24